[Event "Mittelfranken Landesliga Nord 2223"]
[Site "Mittelfranken"]
[Date "2023.02.05"]
[Round "6.7"]
[White "Rausch, Wolfgang1111"]
[Black "Hilge, Andreas"]
[Result "0-1"]
[WhiteElo "1929"]
[BlackElo "2067"]
[PlyCount "60"]
[EventDate "2022.10.09"]
[EventType "team-tourn"]
[EventRounds "9"]
[EventCountry "GER"]
[SourceTitle "EXT 2024"]
[Source "ChessBase"]
[SourceDate "2023.10.10"]
[SourceVersion "1"]
[SourceVersionDate "2023.10.10"]
[SourceQuality "1"]
[WhiteTeam "Nuernberg NT II"]
[BlackTeam "Kareth Lappersdorf"]
[WhiteTeamCountry "GER"]
[BlackTeamCountry "GER"]

1. d4 Nf6 2. Bg5 e6 3. Nd2 d6 4. e4 Nbd7 5. f4 Be7 6. Ngf3 h6 7. Bxf6 Nxf6 8. Bd3 c6 9. 0-0 Qc7 10. Qe2 Bd7 11. a4 0-0-0 12. b4 Rdg8 13. c4 g5 14. fxg5 hxg5 15. Ne1 e5 16. dxe5 Ng4 17. Rxf7 Be6 18. Rf3 Qb6+ 19. c5 dxc5 20. h3 c4+ 21. Kh1 cxd3 22. Nxd3 Qd4 23. Rc1 Nxe5 24. Nxe5 Qxe5 25. b5 g4 26. Rfc3 Bd6 27. Nf1 gxh3 28. g3 c5 29. b6 axb6 30. Qb5 Qxe4+ 0-1

[Event "Oberliga Bayern 2122"]
[Site "Bayern"]
[Date "2022.06.26"]
[Round "3.5"]
[White "Foessmeier, Ulrich Johann"]
[Black "Hilge, Andreas"]
[Result "1-0"]
[WhiteElo "2235"]
[BlackElo "2074"]
[PlyCount "65"]
[EventDate "2021.10.24"]
[EventType "team-tourn"]
[EventRounds "9"]
[EventCountry "GER"]
[SourceTitle "EXT 2024"]
[Source "ChessBase"]
[SourceDate "2023.10.10"]
[SourceVersion "1"]
[SourceVersionDate "2023.10.10"]
[SourceQuality "1"]
[WhiteTeam "Groebenzell"]
[BlackTeam "Kareth Lappersdorf"]
[WhiteTeamCountry "GER"]
[BlackTeamCountry "GER"]

1. d4 Nf6 2. c3 d5 3. Bf4 c6 4. e3 Bf5 5. Nd2 Nbd7 6. h3 h6 7. Ngf3 e6 8. Be2 Be7 9. 0-0 Bh7 10. Qb3 Qb6 11. Rfc1 0-0 12. a4 Ne4 13. a5 Nxd2 14. Nxd2 Qxb3 15. Nxb3 b5 16. a6 Rac8 17. Na5 Rfd8 18. b3 Nb6 19. c4 bxc4 20. bxc4 dxc4 21. Bxc4 Be4 22. f3 Nxc4 23. Rxc4 Bd5 24. Rc2 f5 25. Rb1 Kf8 26. Nb7 Rd7 27. Nc5 Bxc5 28. dxc5 Ke7 29. Be5 g5 30. Rb4 h5 31. e4 fxe4 32. fxe4 Bxe4 33. Bd6+ 1-0

[Event "Oberliga Bayern 2122"]
[Site "Bayern"]
[Date "2022.05.08"]
[Round "8.4"]
[White "Hitzler, Philipp"]
[Black "Hilge, Andreas"]
[Result "1-0"]
[WhiteElo "2218"]
[BlackElo "2074"]
[PlyCount "119"]
[EventDate "2021.10.24"]
[EventType "team-tourn"]
[EventRounds "9"]
[EventCountry "GER"]
[SourceTitle "EXT 2024"]
[Source "ChessBase"]
[SourceDate "2023.10.10"]
[SourceVersion "1"]
[SourceVersionDate "2023.10.10"]
[SourceQuality "1"]
[WhiteTeam "Regensburg Post/Sued"]
[BlackTeam "Kareth Lappersdorf"]
[WhiteTeamCountry "GER"]
[BlackTeamCountry "GER"]

1. d4 Nf6 2. Nf3 b6 3. g3 Bb7 4. Bg2 e6 5. c4 Be7 6. Nc3 Na6 7. 0-0 0-0 8. Bf4 d6 9. a3 c5 10. d5 exd5 11. cxd5 Nc7 12. e4 Nd7 13. Qc2 f6 14. Rad1 g5 15. Bc1 Ba6 16. Rfe1 Ne5 17. h3 Qe8 18. Nh2 Bc8 19. f4 Nf7 20. b3 Rb8 21. Bb2 b5 22. Ne2 Qd8 23. b4 Na6 24. Qd2 Qb6 25. Kh1 Bd7 26. Ng4 Bxg4 27. hxg4 h6 28. Bf3 Kg7 29. Kg2 Rh8 30. Bc3 Rbc8 31. bxc5 Qxc5 32. Rc1 Qb6 33. Nd4 Rhe8 34. Nc6 Nc5 35. Rb1 a6 36. Re3 Qc7 37. Bd4 Nd7 38. Rc3 Qb7 39. Rbc1 Bf8 40. Qf2 Qa8 41. Qd2 Qb7 42. Rb1 Nb8 43. Qc2 Nxc6 44. dxc6 Qe7 45. a4 bxa4 46. Qxa4 h5 47. Rb7 Rc7 48. Rxc7 Qxc7 49. gxh5 gxf4 50. gxf4 d5 51. e5 fxe5 52. fxe5 Nxe5 53. Qxa6 Rb8 54. Qe2 Bd6 55. Bxd5 Kf8 56. Rg3 Qa5 57. Qf2+ Ke7 58. Rg7+ Ke8 59. Rg8+ Ke7 60. Qh4# 1-0

[Event "Landesliga Nord 1920"]
[Site "Bayern"]
[Date "2020.01.19"]
[Round "5.5"]
[White "Hilge, Andreas"]
[Black "Wambach, Juergen"]
[Result "1/2-1/2"]
[WhiteElo "2073"]
[BlackElo "2076"]
[PlyCount "36"]
[EventDate "2019.09.29"]
[EventType "team-tourn"]
[EventRounds "9"]
[EventCountry "GER"]
[SourceTitle "EXT 2021"]
[Source "ChessBase"]
[SourceDate "2020.10.23"]
[SourceVersion "1"]
[SourceVersionDate "2020.10.23"]
[SourceQuality "1"]
[WhiteTeam "Kareth Lappersdorf"]
[BlackTeam "Klingenberg"]
[WhiteTeamCountry "GER"]
[BlackTeamCountry "GER"]

1. e4 c5 2. Nf3 e6 3. d3 Nc6 4. c3 d5 5. Nbd2 Nf6 6. Be2 Qc7 7. Qc2 Bd6 8. Nf1 h6 9. Bd2 b6 10. Ne3 Bb7 11. exd5 Nxd5 12. Nxd5 exd5 13. d4 cxd4 14. cxd4 Rc8 15. Bc3 0-0 16. 0-0 Rfe8 17. Rfe1 Re4 18. Qb3 Rce8 1/2-1/2

[Event "Oberliga Bayern 1819"]
[Site "Bayern"]
[Date "2019.02.24"]
[Round "7.5"]
[White "Hilge, Andreas"]
[Black "Schlichtmann, Robin"]
[Result "0-1"]
[WhiteElo "2198"]
[BlackElo "2165"]
[PlyCount "157"]
[EventDate "2018.10.21"]
[EventType "team-tourn"]
[EventRounds "9"]
[EventCountry "GER"]
[SourceTitle "EXT 2020"]
[Source "ChessBase"]
[SourceDate "2019.10.17"]
[SourceVersion "1"]
[SourceVersionDate "2019.10.17"]
[SourceQuality "1"]
[WhiteTeam "Kareth Lappersdorf"]
[BlackTeam "Garching II"]
[WhiteTeamCountry "GER"]
[BlackTeamCountry "GER"]

1. e4 c5 2. Nf3 Nc6 3. Bb5 g6 4. 0-0 Bg7 5. Re1 e5 6. c3 Nge7 7. Na3 0-0 8. Nc2 d5 9. d3 a6 10. exd5 Qxd5 11. Bc4 Qd6 12. a4 Na5 13. Bg5 Nf5 14. Be3 Nxc4 15. dxc4 Qc7 16. Qe2 h6 17. Nd2 Be6 18. f3 Nd6 19. Red1 Rad8 20. Na3 Qc6 21. Qf2 b6 22. a5 Nf5 23. axb6 Nxe3 24. Qxe3 Qxb6 25. b4 Qc7 26. b5 axb5 27. cxb5 c4 28. b6 Qc6 29. Rab1 Rd3 30. Qf2 Rxc3 31. b7 Rb8 32. Qa7 Qe8 33. Nb5 Rd3 34. Nc7 Qd8 35. Na6 Rxb7 36. Qxb7 Rxd2 37. Rxd2 Qxd2 38. Qb2 Qe3+ 39. Qf2 Qd3 40. Qf1 Qe3+ 41. Qf2 Qd3 42. Qf1 e4 43. fxe4 Bd4+ 44. Kh1 Qxe4 45. Nc7 Bf5 46. Re1 Qc6 47. Qf4 Bg7 48. Ne8 c3 49. Nxg7 Kxg7 50. Qd4+ Kh7 51. Rc1 c2 52. Qd2 Be4 53. h3 Qc8 54. Kh2 Qb8+ 55. g3 Qb3 56. Qf4 Qc4 57. Qf2 h5 58. h4 Kg8 59. Qd2 Bf5 60. Qe3 Qg4 61. Kg1 Qd1+ 62. Kh2 Kh7 63. Kg2 Be4+ 64. Kh2 Bc6 65. Kh3 Qd5 66. Qf2 Bd7+ 67. Kh2 Bf5 68. Qe3 Qd1 69. Kg2 Be4+ 70. Kh2 Qd5 71. Qf2 Kg7 72. Qe3 Qf5 73. Kg1 Kh7 74. Kh2 Qg4 75. Kg1 g5 76. hxg5 h4 77. Kf2 Qf5+ 78. Ke1 h3 79. Kd2 0-1

[Event "Oberliga Bayern 1819"]
[Site "Bayern"]
[Date "2019.02.03"]
[Round "6.4"]
[White "Hilge, Andreas"]
[Black "Schulz, Lukas"]
[Result "0-1"]
[WhiteElo "2198"]
[BlackElo "2304"]
[PlyCount "54"]
[EventDate "2018.10.21"]
[EventType "team-tourn"]
[EventRounds "9"]
[EventCountry "GER"]
[SourceTitle "EXT 2020"]
[Source "ChessBase"]
[SourceDate "2019.10.17"]
[SourceVersion "1"]
[SourceVersionDate "2019.10.17"]
[SourceQuality "1"]
[WhiteTeam "Kareth Lappersdorf"]
[BlackTeam "Erlangen SC"]
[WhiteTeamCountry "GER"]
[BlackTeamCountry "GER"]

1. e4 c5 2. Nf3 Nc6 3. b3 d6 4. Bb2 Nf6 5. d3 g6 6. g3 Bg7 7. Bg2 0-0 8. 0-0 e5 9. a4 Bg4 10. h3 Be6 11. Nbd2 Ne8 12. Nh4 f5 13. exf5 gxf5 14. f4 exf4 15. Bxg7 Nxg7 16. Rxf4 Qg5 17. Nf1 Nh5 18. Nf3 Qg7 19. Rh4 Bf7 20. Kh2 Rae8 21. Rb1 Bg6 22. Qd2 f4 23. g4 Ng3 24. Re1 Nd4 25. Nxd4 Qxd4 26. Rxe8 Rxe8 27. g5 Ne2 0-1

[Event "Oberliga Bayern 1819"]
[Site "Bayern"]
[Date "2018.11.25"]
[Round "3.5"]
[White "Hilge, Andreas"]
[Black "Diekers, Michael"]
[Result "1/2-1/2"]
[WhiteElo "2198"]
[BlackElo "2186"]
[PlyCount "42"]
[EventDate "2018.10.21"]
[EventType "team-tourn"]
[EventRounds "9"]
[EventCountry "GER"]
[SourceTitle "EXT 2020"]
[Source "ChessBase"]
[SourceDate "2019.10.17"]
[SourceVersion "1"]
[SourceVersionDate "2019.10.17"]
[SourceQuality "1"]
[WhiteTeam "Kareth Lappersdorf"]
[BlackTeam "Herzogenaurach"]
[WhiteTeamCountry "GER"]
[BlackTeamCountry "GER"]

1. e4 c5 2. Nf3 e6 3. d3 Nc6 4. g3 e5 5. Bg2 g6 6. 0-0 Bg7 7. Be3 d6 8. Qd2 Nge7 9. Bh6 0-0 10. Bxg7 Kxg7 11. Na3 f5 12. c3 h6 13. Nc2 Be6 14. exf5 Nxf5 15. Ne3 Qd7 16. h4 Rae8 17. Nh2 Nxe3 18. fxe3 Bh3 19. Bxh3 Qxh3 20. Qg2 Qxg2+ 21. Kxg2 b6 1/2-1/2

[Event "Landesliga Nord 1718"]
[Site "Bayern"]
[Date "2018.01.21"]
[Round "5.6"]
[White "Hilge, Andreas"]
[Black "Tassell, Pierre"]
[Result "1-0"]
[WhiteElo "2124"]
[BlackElo "1968"]
[PlyCount "79"]
[EventDate "2017.10.22"]
[EventType "team-tourn"]
[EventRounds "9"]
[EventCountry "GER"]
[SourceTitle "EXT 2022"]
[Source "ChessBase"]
[SourceDate "2021.10.06"]
[SourceVersion "1"]
[SourceVersionDate "2021.10.06"]
[SourceQuality "1"]
[WhiteTeam "Kareth Lappersdorf"]
[BlackTeam "Regensburg Bavaria"]
[WhiteTeamCountry "GER"]
[BlackTeamCountry "GER"]

1. e4 c5 2. Nf3 Nc6 3. d3 g6 4. g3 Bg7 5. Bg2 d6 6. 0-0 Nf6 7. c3 0-0 8. Qe2 Bg4 9. h3 Bd7 10. Nbd2 e5 11. Kh2 Ne8 12. Nc4 b5 13. Ne3 Nc7 14. Bd2 Rb8 15. h4 b4 16. h5 bxc3 17. bxc3 Be6 18. c4 Nd4 19. Nxd4 cxd4 20. Nd5 Nxd5 21. cxd5 Bc8 22. Rab1 Ba6 23. Rfc1 Rxb1 24. Rxb1 f5 25. hxg6 hxg6 26. Bh3 Bc8 27. exf5 Bxf5 28. Bxf5 Rxf5 29. g4 Rf8 30. Kg2 Bf6 31. Qe4 Kg7 32. Rb7+ Rf7 33. Bh6+ Kxh6 34. Rxf7 Bg5 35. Rxa7 Bf4 36. Qf3 Kg5 37. Rh7 Qg8 38. Rh1 Qa8 39. a4 Qxa4 40. Qh3 1-0

[Event "Landesliga Nord 1718"]
[Site "Bayern"]
[Date "2017.12.10"]
[Round "4.5"]
[White "Hilge, Andreas"]
[Black "Burggraf, Michael"]
[Result "0-1"]
[WhiteElo "2124"]
[BlackElo "2064"]
[PlyCount "96"]
[EventDate "2017.10.22"]
[EventType "team-tourn"]
[EventRounds "9"]
[EventCountry "GER"]
[SourceTitle "EXT 2022"]
[Source "ChessBase"]
[SourceDate "2021.10.06"]
[SourceVersion "1"]
[SourceVersionDate "2021.10.06"]
[SourceQuality "1"]
[WhiteTeam "Kareth Lappersdorf"]
[BlackTeam "Forchheim SC II"]
[WhiteTeamCountry "GER"]
[BlackTeamCountry "GER"]

1. e4 c6 2. d3 d5 3. Nd2 g6 4. g3 Bg7 5. Bg2 e5 6. Ngf3 Ne7 7. Qe2 Qd6 8. 0-0 0-0 9. Re1 Nd7 10. b3 h6 11. a4 f5 12. Ba3 Qf6 13. exd5 cxd5 14. Nh4 Kh7 15. Bxe7 Qxe7 16. Bxd5 Qc5 17. Bc4 a6 18. c3 Rb8 19. b4 Qc7 20. a5 b5 21. axb6 Nxb6 22. Rac1 Bb7 23. f3 Rbd8 24. Ng2 e4 25. fxe4 fxe4 26. Nxe4 Nxc4 27. dxc4 Rfe8 28. Qc2 Qxc4 29. Nc5 Rxe1+ 30. Rxe1 Bd4+ 31. Kh1 Bxc5 32. bxc5 Qxc5 33. h4 Rf8 34. Qe2 Rf7 35. Kh2 Qxc3 36. Nf4 Rd7 37. Rd1 Rxd1 38. Qxd1 Qc6 39. Qb1 Qe4 40. Qd1 Bc6 41. Qf1 Qf3 42. Qg1 g5 43. hxg5 hxg5 44. Nh3 Qe2+ 45. Qf2 Qxf2+ 46. Nxf2 a5 47. Nd3 a4 48. Nb4 Be4 0-1

[Event "Landesliga Nord 1718"]
[Site "Bayern"]
[Date "2017.11.12"]
[Round "2.4"]
[White "Vogt, Thomas"]
[Black "Hilge, Andreas"]
[Result "0-1"]
[WhiteElo "1947"]
[BlackElo "2124"]
[PlyCount "70"]
[EventDate "2017.10.22"]
[EventType "team-tourn"]
[EventRounds "9"]
[EventCountry "GER"]
[SourceTitle "EXT 2022"]
[Source "ChessBase"]
[SourceDate "2021.10.06"]
[SourceVersion "1"]
[SourceVersionDate "2021.10.06"]
[SourceQuality "1"]
[WhiteTeam "Wuerzburg"]
[BlackTeam "Kareth Lappersdorf"]
[WhiteTeamCountry "GER"]
[BlackTeamCountry "GER"]

1. d4 d6 2. e4 e5 3. Nf3 Nf6 4. Nc3 Nbd7 5. Be2 g6 6. 0-0 Bg7 7. dxe5 dxe5 8. Be3 c6 9. h3 Qe7 10. a3 0-0 11. b4 b6 12. Nd2 Rd8 13. Qc1 Bb7 14. Rd1 Nf8 15. Bc4 Ne6 16. Nb3 Rxd1+ 17. Qxd1 Rd8 18. Qc1 Nd4 19. Nd2 Ne8 20. Nd1 Nd6 21. Bf1 f5 22. f3 fxe4 23. fxe4 Rf8 24. c3 Ne6 25. Nf2 Nf4 26. Qc2 Bc8 27. Re1 Bh6 28. Nc4 Nxc4 29. Bxc4+ Kg7 30. Bf1 Qh4 31. Qd1 Bg5 32. Ng4 Bxg4 33. hxg4 Qg3 34. Qd7+ Rf7 35. Bxf4 Bxf4 0-1

[Event "Landesliga Nord 1718"]
[Site "Bayern"]
[Date "2017.10.22"]
[Round "1.5"]
[White "Rein, Iwan"]
[Black "Hilge, Andreas"]
[Result "0-1"]
[WhiteElo "1988"]
[BlackElo "2124"]
[PlyCount "72"]
[EventDate "2017.10.22"]
[EventType "team-tourn"]
[EventRounds "9"]
[EventCountry "GER"]
[SourceTitle "EXT 2022"]
[Source "ChessBase"]
[SourceDate "2021.10.06"]
[SourceVersion "1"]
[SourceVersionDate "2021.10.06"]
[SourceQuality "1"]
[WhiteTeam "Bindlach Aktionaer II"]
[BlackTeam "Kareth Lappersdorf"]
[WhiteTeamCountry "GER"]
[BlackTeamCountry "GER"]

1. d4 d6 2. c4 e5 3. d5 f5 4. Nc3 Nf6 5. g3 g6 6. Bg2 Bg7 7. Nf3 0-0 8. 0-0 Qe7 9. e4 a5 10. Ng5 fxe4 11. Ngxe4 h6 12. Nxf6+ Qxf6 13. Ne4 Qe7 14. Be3 b6 15. Qd2 Kh7 16. f4 Nd7 17. Rae1 Ba6 18. b3 Rae8 19. Kh1 exf4 20. Bxf4 Ne5 21. Be3 Bc8 22. Rxf8 Rxf8 23. Re2 Bg4 24. Rf2 Nf3 25. Qd3 Ne1 26. Qf1 Nxg2 27. Qxg2 Rxf2 28. Bxf2 Bf5 29. Nd2 Bc3 30. Nf3 Qe2 31. Bg1 Qxg2+ 32. Kxg2 Bb1 33. Bd4 Bb4 34. a3 Bxa3 35. Bc3 Ba2 36. Nd4 Bc5 0-1

[Event "Oberliga Bayern 1617"]
[Site "Bayern"]
[Date "2017.04.02"]
[Round "8.4"]
[White "Dey, Jan Marten"]
[Black "Hilge, Andreas"]
[Result "1/2-1/2"]
[WhiteElo "2173"]
[BlackElo "2143"]
[PlyCount "29"]
[EventDate "2016.10.16"]
[EventType "team-tourn"]
[EventRounds "9"]
[EventCountry "GER"]
[SourceTitle "EXT 2019"]
[Source "ChessBase"]
[SourceDate "2018.10.10"]
[SourceVersion "1"]
[SourceVersionDate "2018.10.10"]
[SourceQuality "1"]
[WhiteTeam "Schweinfurt"]
[BlackTeam "Kareth Lappersdorf"]
[WhiteTeamCountry "GER"]
[BlackTeamCountry "GER"]

1. e4 d6 2. d4 e5 3. Nf3 Nf6 4. Nc3 Nbd7 5. Be2 c6 6. a4 Be7 7. 0-0 Qc7 8. h3 h6 9. Be3 g5 10. Nd2 Nf8 11. Bg4 Bxg4 12. hxg4 Ng6 13. d5 c5 14. f3 a6 15. Ne2 1/2-1/2

[Event "Oberliga Bayern 1617"]
[Site "Bayern"]
[Date "2017.01.15"]
[Round "4.4"]
[White "Hilge, Andreas"]
[Black "Quast, Michael"]
[Result "1/2-1/2"]
[WhiteElo "2143"]
[BlackElo "2271"]
[PlyCount "94"]
[EventDate "2016.10.16"]
[EventType "team-tourn"]
[EventRounds "9"]
[EventCountry "GER"]
[SourceTitle "EXT 2019"]
[Source "ChessBase"]
[SourceDate "2018.10.10"]
[SourceVersion "1"]
[SourceVersionDate "2018.10.10"]
[SourceQuality "1"]
[WhiteTeam "Kareth Lappersdorf"]
[BlackTeam "Regensburg Post/Sued"]
[WhiteTeamCountry "GER"]
[BlackTeamCountry "GER"]

1. e4 e5 2. Nf3 Nf6 3. d3 Nc6 4. g3 g6 5. Bg2 Bg7 6. 0-0 0-0 7. Re1 d6 8. Nbd2 h6 9. c3 Rb8 10. Qc2 Nd7 11. Nf1 Kh7 12. Ne3 Nb6 13. Bd2 Be6 14. a4 a5 15. b4 Nd7 16. Reb1 b6 17. Be1 Nf6 18. d4 exd4 19. cxd4 Nxb4 20. Bxb4 axb4 21. d5 Bd7 22. Ra2 b3 23. Rxb3 Ra8 24. Rba3 Re8 25. Ne1 Bc8 26. Qc6 Ra5 27. Qc2 Ba6 28. f3 Nd7 29. Qd2 Qf6 30. N1c2 Nc5 31. Nb4 Qd4 32. Qxd4 Bxd4 33. Kf2 Bb7 34. Bf1 Kg7 35. Bb5 Rea8 36. Nc6 Bxc6 37. Bxc6 Rf8 38. Ke2 Bxe3 39. Rxe3 f6 40. f4 Rf7 41. Kf3 Re7 42. g4 Kf7 43. h4 Kg7 44. g5 fxg5 45. hxg5 hxg5 46. fxg5 Rf7+ 47. Kg4 Re7 1/2-1/2

[Event "Oberliga Bayern 1516"]
[Site "Bayern"]
[Date "2016.01.31"]
[Round "6.4"]
[White "Hilge, Andreas"]
[Black "Pohl Kuemmel, Jens Uwe"]
[Result "1/2-1/2"]
[WhiteElo "2143"]
[BlackElo "2225"]
[PlyCount "115"]
[EventDate "2015.10.11"]
[EventType "team-tourn"]
[EventRounds "9"]
[EventCountry "GER"]
[SourceTitle "EXT 2018"]
[Source "ChessBase"]
[SourceDate "2017.10.13"]
[SourceVersion "1"]
[SourceVersionDate "2017.10.13"]
[SourceQuality "1"]
[WhiteTeam "Kareth Lappersdorf"]
[BlackTeam "Regensburg Post/Sued"]
[WhiteTeamCountry "GER"]
[BlackTeamCountry "GER"]

1. e4 c5 2. Nf3 e6 3. d3 Nc6 4. g3 g6 5. Bg2 Bg7 6. 0-0 Nge7 7. Re1 0-0 8. Nbd2 d6 9. a4 h6 10. h3 Rb8 11. Nc4 b6 12. Bf4 e5 13. Bd2 Be6 14. Nh2 d5 15. exd5 Bxd5 16. Bxd5 Qxd5 17. Qf3 Rbd8 18. Bc3 Qxf3 19. Nxf3 f6 20. Kg2 Nd5 21. Bd2 Rfe8 22. Ne3 Nxe3+ 23. Rxe3 c4 24. Bc3 cxd3 25. cxd3 Kf7 26. Rae1 Ne7 27. d4 Nd5 28. R3e2 Nxc3 29. bxc3 exd4 30. Rxe8 Rxe8 31. Rxe8 Kxe8 32. cxd4 Kf7 33. Kf1 Ke6 34. Ke2 f5 35. Kd3 Kd5 36. Nh4 Bxd4 37. f3 Bf2 38. Nxg6 Bxg3 39. Ne7+ Ke6 40. Nc6 a6 41. Nb4 Bd6 42. Nxa6 Kd5 43. Kc3 f4 44. Nb4+ Bxb4+ 45. Kxb4 Kd4 46. Kb5 Ke3 47. Kxb6 Kxf3 48. a5 Kg3 49. a6 f3 50. a7 f2 51. a8Q f1Q 52. Qe4 Qf4 53. Qh1 Qf2+ 54. Kc7 h5 55. Kd6 Qe3 56. h4 Kg4 57. Kd5 Qf4 58. Qe4 1/2-1/2

[Event "Oberliga Bayern 1516"]
[Site "Bayern"]
[Date "2016.01.17"]
[Round "5.4"]
[White "Hilge, Andreas"]
[Black "Kempter, Ronald"]
[Result "1-0"]
[WhiteElo "2143"]
[BlackElo "2166"]
[PlyCount "81"]
[EventDate "2015.10.11"]
[EventType "team-tourn"]
[EventRounds "9"]
[EventCountry "GER"]
[SourceTitle "EXT 2018"]
[Source "ChessBase"]
[SourceDate "2017.10.13"]
[SourceVersion "1"]
[SourceVersionDate "2017.10.13"]
[SourceQuality "1"]
[WhiteTeam "Kareth Lappersdorf"]
[BlackTeam "Groebenzell"]
[WhiteTeamCountry "GER"]
[BlackTeamCountry "GER"]

1. e4 e5 2. Nf3 Nc6 3. Bc4 Bc5 4. b4 Bxb4 5. c3 Ba5 6. d4 d6 7. Qb3 Qd7 8. dxe5 Bb6 9. Bb5 a6 10. Bxc6 Qxc6 11. exd6 Qxe4+ 12. Kf1 Qd3+ 13. Kg1 Be6 14. Qa4+ Bd7 15. Qxd7+ Kxd7 16. Ne5+ Ke6 17. Nxd3 cxd6 18. g3 Nf6 19. Kg2 Rac8 20. f3 Kd7 21. a3 Rhe8 22. Ra2 Rc7 23. Rd1 Nd5 24. Nf4 Nxc3 25. Nxc3 Rxc3 26. Nd5 Rb3 27. Nxb6+ Rxb6 28. Bf4 Re6 29. Rad2 Kc7 30. a4 Rc6 31. a5 f6 32. g4 g6 33. Kf2 Kd7 34. Rb1 Kc8 35. Rb3 Kb8 36. Rb6 Kc7 37. Rdb2 Rc5 38. Rxb7+ Kc6 39. R7b6+ Kc7 40. Rxa6 g5 41. Bg3 1-0

[Event "Oberliga Bayern 1516"]
[Site "Bayern"]
[Date "2015.10.25"]
[Round "2.5"]
[White "Hilge, Andreas"]
[Black "Kreuzer, Helmut"]
[Result "1-0"]
[WhiteElo "2143"]
[BlackElo "2064"]
[PlyCount "79"]
[EventDate "2015.10.11"]
[EventType "team-tourn"]
[EventRounds "9"]
[EventCountry "GER"]
[SourceTitle "EXT 2018"]
[Source "ChessBase"]
[SourceDate "2017.10.13"]
[SourceVersion "1"]
[SourceVersionDate "2017.10.13"]
[SourceQuality "1"]
[WhiteTeam "Kareth Lappersdorf"]
[BlackTeam "Kelheim"]
[WhiteTeamCountry "GER"]
[BlackTeamCountry "GER"]

1. e4 c5 2. Nf3 d6 3. d3 Nc6 4. g3 Bg4 5. Bg2 e6 6. h3 Bh5 7. 0-0 Nf6 8. Re1 Be7 9. Nbd2 0-0 10. b3 Nd7 11. Bb2 Bf6 12. Bxf6 Qxf6 13. g4 Bg6 14. Nc4 d5 15. exd5 exd5 16. Ne3 d4 17. Nd5 Qd8 18. Qd2 Nf6 19. Nxf6+ Qxf6 20. Qg5 Qd6 21. Nd2 Nb4 22. Nc4 Qd8 23. Qd2 Nd5 24. Re5 Nc3 25. Bxb7 Rb8 26. Bg2 Qc7 27. a4 f6 28. Ree1 f5 29. Re5 f4 30. Bf3 Be8 31. Rae1 Bd7 32. Re7 Rbe8 33. Rxe8 Bxe8 34. Re5 Bf7 35. Qe1 h6 36. Re7 Qd8 37. Qe5 Re8 38. Rxe8+ Bxe8 39. Qxc5 Qh4 40. Kg2 1-0

[Event "Oberliga Bayern 1516"]
[Site "Bayern"]
[Date "2015.10.11"]
[Round "1.4"]
[White "Hilge, Andreas"]
[Black "Klebel, Martin"]
[Result "0-1"]
[WhiteElo "2143"]
[BlackElo "2300"]
[PlyCount "106"]
[EventDate "2015.10.11"]
[EventType "team-tourn"]
[EventRounds "9"]
[EventCountry "GER"]
[SourceTitle "EXT 2018"]
[Source "ChessBase"]
[SourceDate "2017.10.13"]
[SourceVersion "1"]
[SourceVersionDate "2017.10.13"]
[SourceQuality "1"]
[WhiteTeam "Kareth Lappersdorf"]
[BlackTeam "Bayern Muenchen II"]
[WhiteTeamCountry "GER"]
[BlackTeamCountry "GER"]

1. e4 c5 2. Nf3 e6 3. d3 Nc6 4. Nbd2 d6 5. g3 g6 6. Bg2 Bg7 7. 0-0 Nge7 8. Re1 0-0 9. c3 Rb8 10. Nf1 b5 11. Bg5 b4 12. d4 bxc3 13. bxc3 h6 14. Be3 Qa5 15. Qc1 Kh7 16. N1d2 cxd4 17. cxd4 Ba6 18. Nb3 Qb4 19. e5 Rfc8 20. Bd2 Qb6 21. exd6 Nxd4 22. Qd1 Nxb3 23. axb3 Qxd6 24. Ra4 Rc6 25. Be3 Qxd1 26. Rxd1 Nd5 27. Bxa7 Rxb3 28. Nd4 Rd3 29. Rda1 Bxd4 30. Rxa6 Rxa6 31. Rxa6 Nb4 32. Ra4 Rd1+ 33. Bf1 Nc6 34. Bxd4 Nxd4 35. Kg2 g5 36. g4 Kg6 37. Ra2 f5 38. h3 Kf6 39. Be2 Re1 40. Bd3 Rd1 41. Be2 Re1 42. Bd3 f4 43. f3 Nxf3 44. Ra7 Re3 45. Bb5 Nd4 46. Bc4 Rc3 47. Ra4 Ke5 48. Rb4 Rc2+ 49. Kf1 f3 50. Bd3 Rd2 51. Ba6 Kf4 52. Ke1 Ke3 53. Ra4 Nc2+ 0-1

[Event "Oberliga Bayern 1415"]
[Site "Germany"]
[Date "2015.03.15"]
[Round "8.7"]
[White "Hilge, Andreas"]
[Black "Giss, Arthur"]
[Result "0-1"]
[WhiteElo "2249"]
[BlackElo "2041"]
[PlyCount "94"]
[EventDate "2014.10.19"]
[EventType "team-tourn"]
[EventRounds "9"]
[EventCountry "GER"]
[SourceTitle "EXT 2016"]
[Source "ChessBase"]
[SourceDate "2015.10.08"]
[SourceVersion "1"]
[SourceVersionDate "2015.10.08"]
[SourceQuality "1"]
[WhiteTeam "Kareth Lappersdorf"]
[BlackTeam "Dillingen"]
[WhiteTeamCountry "GER"]
[BlackTeamCountry "GER"]

1. e4 c5 2. Nf3 d6 3. d4 cxd4 4. Nxd4 Nf6 5. Nc3 e6 6. Be2 a6 7. g4 Qc7 8. g5 Nfd7 9. f4 b5 10. Bf3 Bb7 11. a3 Nc6 12. Nce2 Na5 13. 0-0 g6 14. Ng3 Rc8 15. c3 Nc4 16. a4 e5 17. axb5 axb5 18. fxe5 dxe5 19. Nc2 Bc5+ 20. Kh1 0-0 21. Qe2 Be7 22. Nb4 Rcd8 23. Ra7 Qb6 24. Rxb7 Qxb7 25. Nd5 Ndb6 26. Nf6+ Kh8 27. Qg2 Rg8 28. Nxg8 Kxg8 29. Bg4 Bc5 30. Qe2 Nd7 31. Rd1 Be7 32. h4 Nd6 33. h5 Nc5 34. Bf3 Ne6 35. hxg6 hxg6 36. Nf5 gxf5 37. exf5 e4 38. fxe6 exf3 39. exf7+ Nxf7 40. Rxd8+ Bxd8 41. Qe8+ Kg7 42. Kg1 Qd5 43. Be3 Qd1+ 44. Kh2 Qe2+ 45. Kg3 Bc7+ 46. Kg4 Qg2+ 47. Kf5 Nd6+ 0-1

[Event "Regionalliga NO 1314"]
[Site "Bayern"]
[Date "2014.04.06"]
[Round "9.1"]
[White "Bunk, Karsten"]
[Black "Hilge, Andreas"]
[Result "1-0"]
[WhiteElo "2074"]
[BlackElo "2135"]
[PlyCount "69"]
[EventDate "2013.10.13"]
[EventType "team-tourn"]
[EventRounds "9"]
[EventCountry "GER"]
[SourceTitle "EXT 2020"]
[Source "ChessBase"]
[SourceDate "2019.10.17"]
[SourceVersion "1"]
[SourceVersionDate "2019.10.17"]
[SourceQuality "1"]
[WhiteTeam "Nuernberg Sued SW II"]
[BlackTeam "Kareth Lappersdorf II"]
[WhiteTeamCountry "GER"]
[BlackTeamCountry "GER"]

1. c4 e5 2. g3 Nf6 3. Bg2 d5 4. cxd5 Nxd5 5. Nc3 Nb6 6. Nf3 Nc6 7. d3 Be7 8. a3 g5 9. b4 g4 10. Nd2 a6 11. Bb2 f5 12. Nc4 Bf6 13. Na5 Nxa5 14. bxa5 Nd7 15. Qb3 Nc5 16. Qc4 Qd6 17. Nd5 Bd8 18. Rc1 Ne6 19. f4 gxf3 20. Bxf3 0-0 21. a4 c6 22. Nb6 Rb8 23. 0-0 Kg7 24. e3 Ng5 25. Bg2 Kg6 26. Nxc8 Rxc8 27. h4 Ne6 28. Bh3 e4 29. Rc2 exd3 30. Rd2 Ng7 31. e4 Bxa5 32. exf5+ Kh6 33. Rxd3 Bb6+ 34. Kh2 Qc5 35. Qf4+ 1-0